000 00459nam a2200169Ia 4500
008 131103s9999 xx 000 0 und d
040 _aLoreto College
041 _aEnglish
082 _a822.08/DEB
_bLCLIB/1 copy
245 _aSeven sacred Plays
_cNotes on the Debenham, A H
260 _aLondon
_bMethuen
_c1934
300 _aviii.200p.
_c 21cm.
650 _aEnglish drama
700 _aDebenham, A H not.
850 _aLCLIB/822.o8/DEB
942 _cBK
999 _c21873
_d72352